DIOS, HORIZONTE DEL HOMBRE (Registro nro. 55657)
[ vista simple ]
| 000 -LEADER | |
|---|---|
| fixed length control field | 01048nam a2200205 a 4500 |
| 001 - CONTROL NUMBER | |
| control field | 55657 |
| 005 - DATE AND TIME OF LATEST TRANSACTION | |
| control field | 20180714051047.0 |
| 008 - FIXED-LENGTH DATA ELEMENTS--GENERAL INFORMATION | |
| fixed length control field | 140415s1998 sp 000 0 spa d |
| 020 ## - INTERNATIONAL STANDARD BOOK NUMBER | |
| International Standard Book Number | 8479141158 |
| 041 ## - LANGUAGE CODE | |
| Language code of text/sound track or separate title | spa |
| 082 ## - DEWEY DECIMAL CLASSIFICATION NUMBER | |
| Classification number | 231.042 |
| Item number | SAH |
| 100 1# - MAIN ENTRY--PERSONAL NAME | |
| Personal name | SAHAGUN LUCAS, JUAN DE |
| 245 10 - TITLE STATEMENT | |
| Title | DIOS, HORIZONTE DEL HOMBRE |
| 250 ## - EDITION STATEMENT | |
| Edition statement | 1a ed. |
| 260 ## - PUBLICATION, DISTRIBUTION, ETC. | |
| Place of publication, distribution, etc. | ESPAÑA : |
| Name of publisher, distributor, etc. | BIBLIOTECA DE AUTORES CRISTIANOS, |
| Date of publication, distribution, etc. | 1998 |
| 300 ## - PHYSICAL DESCRIPTION | |
| Extent | 166 |
| Dimensions | 14.5 x 1.8 x 21.2 |
| 490 ## - SERIES STATEMENT | |
| Series statement | ENSAYOS |
| 520 ## - SUMMARY, ETC. | |
| Summary, etc. | EN LA PRESENTE OBRA NOS PROPONEMOS CAPTAR Y EXPRESAR EL ALCANCE SIGNIFICATIVO DE ESTE HECHO, HACIENDO VER SU VALOR FILOSOFICO Y ANTROPOLOGICO. PARA ELLO OFRECEMOS, EN PRIMER LUGAR, UNA VISION HISTORICA DEL TEMA A TRAVES DE SUS ETAPAS PRINCIPALES, TANTO DE LA CULTURA COMO DE LA FILOSOFIA. PRESENTAREMOS A CONTINUACION, EN FORMA SISTEMATICA, SU BASE RACIONAL. ¿COMO SOLUCIONA EL HOMBRE EL PROBLEMA DE DIOS? ESTA CUESTION ACAPARA NUESTRO INTERES. A LO LARGO DEL TRABAJO, ADEMAS DE UNA INFORMA |
| 650 14 - SUBJECT ADDED ENTRY--TOPICAL TERM | |
| Topical term or geographic name entry element | DIOS |
| General subdivision | EXISTENCIA DE DIOS |
| -- | FE EN DIOS |
| Withdrawn status | Lost status | Source of classification or shelving scheme | Damaged status | Not for loan | Collection code | Home library | Current library | Shelving location | Date acquired | Source of acquisition | Inventory number | Total Checkouts | Full call number | Barcode | Date last seen | Price effective from | Koha item type |
|---|---|---|---|---|---|---|---|---|---|---|---|---|---|---|---|---|---|
| Dewey Decimal Classification | General | Biblioteca Karol Wojtyla | Biblioteca Karol Wojtyla | Sala general | 03/12/2013 | Compra | 151000000000000000078116 | 231.042 SAH | 83481 | 05/01/2026 | 20/11/2015 | Libro |